Top 15 des pays les plus puissants au monde en 2025 - Statistiques

Statistiques générales
  • Ce quiz a été pris 225 fois
  • Le résultat moyen est 13 sur 15
Statistiques - réponses
CONTINENT PAYS % Correct
Europe France
99%
Asie Chine
98%
Europe / Asie Russie
97%
Europe Allemagne
96%
Amérique du Nord États-Unis
95%
Asie Japon
95%
Océanie Australie
94%
Amérique du Sud Brésil
93%
Asie Inde
92%
Europe Italie
90%
Asie Corée du Sud
89%
Europe Royaume-Uni
88%
Europe / Asie Turquie
86%
Asie Iran
72%
Asie Arabie Saoudite
64%
Aucun quiz correspondant
Distribution des résultats
% des personnes avec chaque résultat
Percentile par nombre de réponses
Votre historique - résultats
Vous n’avez pas pris ce quiz